Multivariate data analysis / (Registro nro. 25396)
[ vista simple ]
| 000 -LEADER | |
|---|---|
| fixed length control field | 01272nam a2200325 i 4500 |
| 001 - CONTROL NUMBER | |
| control field | 25396 |
| 003 - CONTROL NUMBER IDENTIFIER | |
| control field | Mx-PuUPA |
| 005 - DATE AND TIME OF LATEST TRANSACTION | |
| control field | 20260519121652.0 |
| 008 - FIXED-LENGTH DATA ELEMENTS--GENERAL INFORMATION | |
| fixed length control field | 140415s2019 xxka fr 001 0 eng d |
| 020 ## - INTERNATIONAL STANDARD BOOK NUMBER | |
| International Standard Book Number | 9781473756540 |
| 040 ## - CATALOGING SOURCE | |
| Transcribing agency | Mx-PuUPA |
| Original cataloging agency | Mx-PuUPA |
| Language of cataloging | spa |
| Modifying agency | Mx-PuUPA |
| Description conventions | rda |
| 041 0# - LANGUAGE CODE | |
| Language code of text/sound track or separate title | eng |
| 100 1# - MAIN ENTRY--PERSONAL NAME | |
| Personal name | Hair, Joseph F., |
| Titles and words associated with a name | Jr., |
| Dates associated with a name | 1944- |
| Relator term | autor |
| 9 (RLIN) | 204 |
| 245 10 - TITLE STATEMENT | |
| Title | Multivariate data analysis / |
| Statement of responsibility, etc. | Joseph F. Hair, Jr., William C. Black, Barry J. Babin, Rolph E. Anderson |
| 250 ## - EDITION STATEMENT | |
| Edition statement | Eighth edition |
| 264 #1 - PRODUCTION, PUBLICATION, DISTRIBUTION, MANUFACTURE, AND COPYRIGHT NOTICE | |
| Place of production, publication, distribution, manufacture | United Kingdom : |
| Name of producer, publisher, distributor, manufacturer | Cengage Learning, |
| Date of production, publication, distribution, manufacture, or copyright notice | ©2019 |
| 300 ## - PHYSICAL DESCRIPTION | |
| Extent | xvii, 813 páginas : |
| Other physical details | ilustraciones, tablas (a color) ; |
| Dimensions | 26 cm |
| 336 ## - CONTENT TYPE | |
| Fuente | rdacontent |
| Content type term | texto |
| Content type code | txt |
| 337 ## - MEDIA TYPE | |
| Source | rdamedia |
| Media type term | sin medio |
| Media type code | n |
| 338 ## - CARRIER TYPE | |
| Source | rdacarrier |
| Carrier type term | volumen |
| Carrier type code | nc |
| 650 #7 - SUBJECT ADDED ENTRY--TOPICAL TERM | |
| Source of heading or term | armarc |
| Topical term or geographic name entry element | Análisis estadístico multivariable |
| 700 1# - ADDED ENTRY--PERSONAL NAME | |
| Personal name | Black, William C., |
| Relator term | autor |
| 700 1# - ADDED ENTRY--PERSONAL NAME | |
| Personal name | Babin, Barry J., |
| Relator term | autor |
| 9 (RLIN) | 1913 |
| 700 1# - ADDED ENTRY--PERSONAL NAME | |
| Personal name | Anderson, Rolph E., |
| Relator term | autor |
| 9 (RLIN) | 1911 |
| 942 ## - ADDED ENTRY ELEMENTS (KOHA) | |
| Source of classification or shelving scheme | Dewey Decimal Classification |
| Koha item type | Libro |
| Classification part | 519.535 |
| Item part | H25 |
| Withdrawn status | Lost status | Source of classification or shelving scheme | Damaged status | Not for loan | Collection code | Home library | Current library | Shelving location | Date acquired | Source of acquisition | Cost, normal purchase price | Total Checkouts | Full call number | Barcode | Date last seen | Copy number | Cost, replacement price | Price effective from | Koha item type |
|---|---|---|---|---|---|---|---|---|---|---|---|---|---|---|---|---|---|---|---|
| Dewey Decimal Classification | General | Biblioteca Karol Wojtyla | Biblioteca Karol Wojtyla | Sala general | 06/05/2026 | 2 | 2623.53 | 519.535 H25 2019 | 106435 | 06/05/2026 | Ej.2 | 2623.53 | 06/05/2026 | Reserva permanente | |||||
| Dewey Decimal Classification | General | Biblioteca Karol Wojtyla | Biblioteca Karol Wojtyla | Sala general | 06/05/2026 | 2 | 2623.53 | 519.535 H25 2019 | 106434 | 06/05/2026 | 2623.53 | 06/05/2026 | Reserva permanente |